Statistics for First Lyrics-Early 70s

Click here to take the quiz!

General Stats

  • This quiz has been taken 52 times
  • The average score is 17 of 40

Answer Stats

Year Lyrics Answers % Correct
1972There's a lady who's sure all that glitters is goldStairway to Heavensong
88%
1970When I find myself in times of trouble, Mother Mary comes to meLet it Besong
86%
The Beatlesartist
86%
Led Zeppelinartist
81%
1971A long, long time ago I can still remember how that music use to make me smileAmerican Piesong
81%
Elton Johnartist
76%
1973It's nine o'clock on a SaturdayPiano Mansong
74%
Billy Joelartist
74%
Don McLeanartist
71%
1970It's a little bit funny, this feeling insideYour Songsong
69%
1971Jeremiah was a bullfrogJoy to the Worldsong
55%
Three Dog Nightartist
52%
1973Well the south side of Chicago is the baddest part of townBad Bad Leroy Brownsong
50%
1975In the day we sweat it out on the streets of a runaway American dreamBorn to Runsong
45%
Bruce Springsteenartist
45%
James Taylorartist
40%
Jim Croceartist
40%
Elvis Presleyartist
38%
Freeartist
38%
1970I met her in a club down in old SohoLolasong
33%
1970Just yesterday morning they let me know you were goneFire and Rainsong
33%
The Kinksartist
31%
1972Lord Almighty, I feel my temperature risingBurning Lovesong
31%
1975Baby, when I think about you I think about loveFeel Like Makin' Lovesong
29%
1970There she stood, in the street, smiling from her head to her feetAll Right Nowsong
29%
1971What'll you do when you get lonelyLaylasong
29%
Derek and the Dominoesartist
29%
The Whoartist
26%
Bad Companyartist
21%
1973The mountain is high, the valley is lowFree Ridesong
21%
Bachman-Turner Overdriveartist
21%
1974You get up every morning from the alarm clock's warningTakin' Care of Businesssong
19%
1972Still don't know what I was waiting forChangessong
19%
David Bowieartist
19%
1971We'll be fighting in the streets with our children at our feetWon't get Fooled Againsong
19%
1973Every time that i look in the mirrorDream Onsong
19%
The Rolling Stonesartist
17%
Aerosmithartist
17%
Edgar Winter Groupartist
12%
1972Women think I'm tasty, but they're always tryin' to waste meTumbling Dicesong
10%

Score Distribution

Percentile by Number Answered

Percent of People with Each Score

Your Score History

You have not taken this quiz